| 000 | 00467cam a2200181ua 4500 | ||
|---|---|---|---|
| 020 | _c45.00 | ||
| 041 |
_aeng _h |
||
| 082 |
_a621.8672 _bGAS/AN |
||
| 100 | _aGarcoyne, John . | ||
| 245 |
_aAnalysis of pipe structures for flexibility / _cJohn Garcoyne. _hTextual Documents |
||
| 250 |
_a1 / _b. |
||
| 260 |
_aLondon : _bSir Isaac Pitman &Sons Ltd , _c1959. |
||
| 300 | _a181 ; . | ||
| 365 | _a45.00 | ||
| 504 | _a | ||
| 942 | _cBK | ||
| 999 |
_c2153 _d2153 |
||